Amelia and Eleanor go for a ride : (Record no. 4380)

MARC details
000 -LEADER
fixed length control field 00931cam a2200253 a 4500
005 - DATE AND TIME OF LATEST TRANSACTION
control field 20250822104955.0
020 ## - INTERNATIONAL STANDARD BOOK NUMBER
International Standard Book Number 9780590960977
040 ## - CATALOGING SOURCE
Original cataloging agency DLC
Transcribing agency DLC
Modifying agency DLC
Language of cataloging eng
050 00 - LIBRARY OF CONGRESS CALL NUMBER
Classification number PZ7.R9553
Item number 1999
082 00 - DEWEY DECIMAL CLASSIFICATION NUMBER
Classification number 813.6
100 1# - MAIN ENTRY--PERSONAL NAME
Personal name Ryan, Pam Muñoz
245 10 - TITLE STATEMENT
Title Amelia and Eleanor go for a ride :
Remainder of title based on a true story /
Statement of responsibility, etc. story by Pam Muñoz Ryan ; pictures by Brian Selznick.
250 ## - EDITION STATEMENT
Edition statement First Scholastic paperback printing , September 2000
260 ## - PUBLICATION, DISTRIBUTION, ETC.
Place of publication, distribution, etc. New York :
Name of publisher, distributor, etc. Scholastic Press,
Date of publication, distribution, etc. 1999
300 ## - PHYSICAL DESCRIPTION
Extent 40 unnumbered pages :
Other physical details illustration ;
Dimensions 24 cm .
505 ## - FORMATTED CONTENTS NOTE
Formatted contents note R <br/>
520 ## - SUMMARY, ETC.
Summary, etc. A fictionalized account of the night Amelia Earhart flew Eleanor Roosevelt over Washington, D.C. in an airplane.
521 ## - TARGET AUDIENCE NOTE
Target audience note 750 <br/>
Source Lexile AD <br/>
650 ## - SUBJECT ADDED ENTRY--TOPICAL TERM
Topical term or geographic name entry element airplane
Form subdivision historical fiction
700 1# - ADDED ENTRY--PERSONAL NAME
Personal name Selznick, Brian
Relator term illustrator
906 ## - LOCAL DATA ELEMENT F, LDF (RLIN)
a 7
b cbc
c orignew
d 1
e ocip
f 19
g y-gencatlg
942 ## - ADDED ENTRY ELEMENTS (KOHA)
Source of classification or shelving scheme Dewey Decimal Classification
Koha item type Books
Suppress in OPAC No
999 ## -
-- 4380
-- 4380
Holdings
Withdrawn status Lost status Source of classification or shelving scheme Damaged status Not for loan Collection Home library Current library Shelving location Date acquired Total Checkouts Full call number Barcode Date last seen Date last checked out Price effective from Koha item type Copy number
    Dewey Decimal Classification     Juvenile Fiction Footprints International School Library Network Toul Kork Campus Footprints International School Library Network Toul Kork Campus TK Primary Library Room(4th Floor), Bookcase 5&6, Shelves 33-56, Orange Books 11/27/2024   RYA 813.6 PZ7.R9553 FISTK01883 11/27/2024   11/27/2024 Books 2
    Dewey Decimal Classification     Juvenile Fiction Footprints International School Library Network Toul Tom Poung Campus Footprints International School Library Network Toul Tom Poung Campus TTP Primary Orange Bookshelves 08/16/2024 1 RYA 813.6 PZ7.R9553 FISBK06023 11/12/2025 10/22/2025 08/16/2024 Books  
    Dewey Decimal Classification     Juvenile Fiction Footprints International School Library Network Toul Tom Poung Campus Footprints International School Library Network Toul Tom Poung Campus TTP Primary Orange Bookshelves 08/22/2025 1 RYA 813.6 PZ7.R9553 FIS02430 11/12/2025 10/22/2025 08/22/2025 Books 3